000 02470nam a2200421 i 4500
001 768714001
003 CO-MdFUSB
005 20240606102155.0
007 ta
008 230424t2001 enk||||f |||| 00| 0 eng d
020 _a1841272817
040 _aCO-MdFUSB
_bspa
_cCO-MdFUSB
_dCO-MdFUSBC
_erda
041 _aeng
082 _223
_a225.6
_bSA194e
100 _aSanday, William,
_eautor
245 _aEssays in biblical criticism and exegesis
_c/ William Sanday ; editado por Craig A. Evans , Stanley E. Porter , Scott N. Dolff
264 1 _aSheffield, England :
_bSheffield Academic Press,
_c2001
264 4 _c©2001
300 _a242 páginas
_c; 24 cm.
336 _2rdacontent
_atexto
_btxt
337 _2rdamedia
_asin mediación
_bn
338 _2rdacarrier
_ahoja
_bnb
490 _aJournal for the study of the New Testament supplement series
504 _aIncluye índice (páginas 238-242)
504 _asuplemento de series (páginas 243-248)
505 _aI. Método-- Crítica bíblica: la plenitud de la revelación en el Nuevo Testamento -- Métodos de la teología: el método histórico -- La escatología del Nuevo Testamento -- La interpretación de los Evangelios afectada por los nuevos métodos históricos -- Las condiciones bajo las cuales se escribieron los Evangelios, en relación con algunas dificultades del problema sinóptico -- El trasfondo del Nuevo Testamento
505 _aII. Idioma -- El idioma hablado en Palestina en el tiempo de Nuestro Señor -- ¿Cristo hablaba griego? una réplica -- Influencia griega en el cristianismo
505 _aIII. Exégesis -- La parábola de los obreros en la viña: Mateo 20.1-16 -- Una nueva obra sobre las parábolas -- Sobre el título, 'Hijo del Hombre' -- Los mandamientos de silencio en los Evangelios -- Algunas ideas principales en la teología de San Pablo -- El equivalente de San Pablo para el 'reino de los cielos' -- San Pablo el viajero -- Las primeras visitas de San Pablo a Jerusalén -- Actitud de Pablo hacia Pedro y Santiago -- El texto del decreto apostólico (Hechos 15,29)
563 _atapa dura
630 0 7 _aBiblia.
_pNuevo Testamento
650 7 _2embne
_97333
_aHermenéutica bíblica
700 _9437
_aEvans, Craig A.
_d1952-
_eeditor
700 _93225
_aPorter, Stanley E
_eeditor
700 _98144
_aDolff, Scott N.
_eeditor
942 _cBK
945 _aJennifer Flórez, Auxiliar
999 _c68769
_d68769